John The Baptist. (Record no. 8387)

000 -LEADER
fixed length control field 00474nam a2200169 a 4500
001 - CONTROL NUMBER
control field :::00006161$&:&@@
003 - CONTROL NUMBER IDENTIFIER
control field OkBaRHE
005 - DATE AND TIME OF LATEST TRANSACTION
control field 20001030140017.0
008 - FIXED-LENGTH DATA ELEMENTS--GENERAL INFORMATION
fixed length control field s1954 j 000 0 eng u
040 ## - CATALOGING SOURCE
Transcribing agency
100 1# - MAIN ENTRY--PERSONAL NAME
Personal name Meyer, F. B.
245 10 - TITLE STATEMENT
Title John The Baptist.
260 ## - PUBLICATION, DISTRIBUTION, ETC. (IMPRINT)
Place of publication, distribution, etc London
Name of publisher, distributor, etc Marshall, Morgan & Scott
Date of publication, distribution, etc 1954
300 ## - PHYSICAL DESCRIPTION
Extent 192 p.
942 ## - ADDED ENTRY ELEMENTS (KOHA)
Source of classification or shelving scheme
Koha item type Books
Copies
Date acquired Damaged status Withdrawn status Not for loan Shelving location Full call number Source of classification or shelving scheme Lost status Barcode Date last seen Koha item type Copy number Permanent Location Price effective from
2010-04-14   General StacksBS 2456 .M349  61612018-03-16Books1RHEMA Bible Training College2010-04-14